Personnalités en images que j'ai pu rencontrer - Statistiques

Statistiques générales
  • Ce quiz a été pris 20 fois
  • Le résultat moyen est 4 sur 16
Statistiques - réponses
Par images Réponse % Correct
Djibril Cissé
89%
Jimmy Briand
68%
Martin Fourcade
68%
Valentino Rossi
47%
Louis Bodin
42%
Alex Marquez
11%
Angèle Hug
11%
Camille Frison
5%
Joan Mir
5%
Josef Schovanec
5%
Lucas Créange
5%
Marie Amelie Le Fur
5%
Maverick Vinales
5%
Miguel Oliveira
5%
Raul Fernandez
5%
Tom Luthi
5%
Aucun quiz correspondant
Distribution des résultats
% des personnes avec chaque résultat
Percentile par nombre de réponses
Votre historique - résultats
Vous n’avez pas pris ce quiz